مكتبة جامعة عجلون الوطنية

فهرس بحث المكتبة

أداء الاقتصاد الأردني في ظل الربيع العربي : أوراق بحثية (Record no. 23611)

MARC details
000 -LEADER
fixed length control field 00981nam a2200193Ii 4500
003 - CONTROL NUMBER IDENTIFIER
control field JO-AjNU
008 - FIXED-LENGTH DATA ELEMENTS--GENERAL INFORMATION
fixed length control field 230605s9999||||xx |||||||||||||| ||und||
040 ## - CATALOGING SOURCE
Original cataloging agency JO-AjNU
Language of cataloging ara
Description conventions rda
Transcribing agency JO-AjNU
041 ## - LANGUAGE CODE
Language code of text/sound track or separate title ara
050 14 - LIBRARY OF CONGRESS CALL NUMBER
Classification number DS62.8.2012
100 3# - MAIN ENTRY--PERSONAL NAME
Personal name الجامعة الأردنية. مركز الدراسات الاستراتيجية. المرصد والدراسات الاقتصادية,
Relator term author
9 (RLIN) 46124
245 00 - TITLE STATEMENT
Title أداء الاقتصاد الأردني في ظل الربيع العربي : أوراق بحثية
264 31 - PRODUCTION, PUBLICATION, DISTRIBUTION, MANUFACTURE, AND COPYRIGHT NOTICE
Place of production, publication, distribution, manufacture عمان: الجامعة الأردنية، مركز الدراسات الاستراتيجية، 2012
300 ## - PHYSICAL DESCRIPTION
Extent 36ص
336 ## - CONTENT TYPE
Content type term text
Content type code txt
Source rdacontent
337 ## - MEDIA TYPE
Media type term unmediated
Media type code n
Source rdamedia
338 ## - CARRIER TYPE
Carrier type term volume
Carrier type code nc
Source rdacarrier
650 #4 - SUBJECT ADDED ENTRY--TOPICAL TERM
Topical term or geographic name entry element الربيع العربي، 2010- -- الجوانب الاقتصادية -- الأردن -- سياسة وحكومة -- بحوث -- الأردن -- أحوال اقتصادية -- بحوث
9 (RLIN) 46125
Holdings
Withdrawn status Lost status Source of classification or shelving scheme Damaged status Not for loan Home library Current library Shelving location Date acquired Total Checkouts Full call number Barcode Date last seen Price effective from Koha item type
    Library of Congress Classification     مكتبة جامعة عجلون الوطنية مكتبة جامعة عجلون الوطنية المراجع 06/06/2023   DS62.8.2012 A20043 06/06/2023 06/06/2023 Reference